Rámcová osnova pre výchovu k podnikateľstvu

Základné predmety pri výchove k podnikateľstvu a predmet Podnikanie v malých a stredných podnikoch, na ktorý by nadväzovali ostatné predmety podľa záujmu študentov. Vzorová rámcová osnova pre výchovu k podnikateľstu a príklady rámcových osnov pre nadväzujúce predmety.

Saved in:
Bibliographic Details
Main Author: Šúbertová, Elena
Format: Book Chapter
Language:Slovak
Subjects:
Tags: Add Tag
No Tags, Be the first to tag this record!

MARC

LEADER 00000naa$a2200000$$$4500
001 0225293
005 20240502073707.8
041 0 |a slo 
044 |a SK 
245 1 0 |a Rámcová osnova pre výchovu k podnikateľstvu  |c Elena Šúbertová 
520 |a Základné predmety pri výchove k podnikateľstvu a predmet Podnikanie v malých a stredných podnikoch, na ktorý by nadväzovali ostatné predmety podľa záujmu študentov. Vzorová rámcová osnova pre výchovu k podnikateľstu a príklady rámcových osnov pre nadväzujúce predmety. 
610 2 0 |a univerzity 
610 2 0 |a školy vysoké 
610 2 0 |a programy študijné 
610 2 0 |a predmety učebné 
610 2 0 |a výchova odborná 
610 2 0 |a efektívnosť vzdelávania 
610 2 0 |a škola a prax 
610 2 0 |a podnikanie 
100 1 |a Šúbertová, Elena